Entry Personal Name
Number of records used in: 1
001 - CONTROL NUMBER
003 - CONTROL NUMBER IDENTIFIER
005 - DATE AND TIME OF LATEST TRANSACTION
- control field:
20200520112342.0
008 - FIXED-LENGTH DATA ELEMENTS
- fixed length control field:
200520|| aca||aabn | a|a d
040 ## - CATALOGING SOURCE
- Original cataloging agency:
OSt
- Transcribing agency:
OSt
100 ## - HEADING--PERSONAL NAME
670 ## - SOURCE DATA FOUND
- Source citation:
Work cat.: (OSt): DHARUMANJ , Pharmaceutical Organic Chemistry for secound year diploma Pharmacy, 2019